La carnada: pescando a la luz
שמור ב:
| מחבר ראשי: | |
|---|---|
| פורמט: | ספר |
| שפה: | ספרדית |
| יצא לאור: |
Valparaíso
Gobierno Regional de Valparaíso
2001
|
| סדרה: | Colección Poesía
|
| נושאים: | |
| תגים: |
הוספת תג
אין תגיות, היה/י הראשונ/ה לתייג את הרשומה!
|
MARC
| LEADER | 00000nam a2200000 a 4500 | ||
|---|---|---|---|
| 001 | UCM5979 | ||
| 003 | CL-VaPUC | ||
| 008 | 021025e20010000CL |||||||||||||||||spa|d | ||
| 020 | |a 9567944229 | ||
| 082 | 0 | 4 | |a Ch861 |b PAS |2 21 |
| 100 | |a Pascual, Paula |e autora |9 471945 | ||
| 245 | 1 | 3 | |a La carnada: pescando a la luz |
| 300 | |a 85 p | ||
| 942 | |c BK | ||
| 945 | |d 20021025 00:00:00 |a vberengu | ||
| 260 | |a Valparaíso |b Gobierno Regional de Valparaíso |c 2001 | ||
| 650 | 0 | |a Poesías chilenas |9 265280 | |
| 650 | 0 | |a Literatura chilena |9 308278 | |
| 583 | |a last modification |c 20150924 21:40:27 |k Rodrigo Vera | ||
| 490 | 0 | |a Colección Poesía | |
| 999 | |c 301647 |d 301645 | ||
| 952 | |0 0 |1 0 |4 0 |6 CH_861_000000000000000_PAS_2001 |7 0 |8 A |9 360915 |a BIBEDU |b BIBEDU |c ES_NOD |d 2019-11-21 |i 3854582 |o Ch861 PAS 2001 |p 3854582 |r 2023-08-09 |w 2019-11-21 |y BK |k BME | ||
| 952 | |0 0 |1 0 |4 0 |6 CH_861_000000000000000_PAS_2001 |7 0 |8 A |9 360916 |a BIBEDU |b BIBEDU |c ES_NOD |d 2019-11-21 |i 3854515 |o Ch861 PAS 2001 |p 3854515 |r 2023-08-09 |w 2019-11-21 |y BK |k LIT | ||
| 952 | |0 0 |1 0 |4 0 |6 CH_861_000000000000000_PAS_2001 |7 0 |8 A |9 360917 |a BIBEDU |b BIBEDU |c ES_NOD |d 2019-11-21 |i 3854523 |o Ch861 PAS 2001 |p 3854523 |r 2023-08-09 |w 2019-11-21 |y BK |k LIT | ||